000 00556nam a2200193Ia 4500
005 20250326143925.0
008 250326s9999 xx 000 0 und d
037 _aTextbook
040 _aFMSL
_beng
_cFMSL
041 _aeng
_2eng
084 _aX:72 P7
_qFMSL
100 _aBrown M G
_9748622
245 0 _aBeyond the balanced scorecard : improving business intelligence with analytics
_cBrown M G
260 _aNY
_bNY, Productivity
_c2007
300 _a233p
365 _b54802.4715
942 _cTB
_hX:72 P7
999 _c1301639
_d1301639